| 000 | 01242cam a2200289 a 4500 | ||
|---|---|---|---|
| 999 |
_c41 _d41 |
||
| 001 | 544725 | ||
| 003 | SCU | ||
| 005 | 20190724105416.0 | ||
| 008 | 110210r20092008maub j 000 1 eng d | ||
| 010 | _abl2011002170 | ||
| 020 | _a9780763653774 (pbk.) | ||
| 040 |
_dSCU _cKH8 |
||
| 042 | _anbic | ||
| 082 | _aFIC AND | ||
| 100 | 1 |
_aAnderson, M. T. _eauthor |
|
| 245 | 1 | 4 |
_aThe kingdom on the waves / _ctaken from accounts by his own hand and other sundry sources ; collected by M.T. Anderson of Boston. |
| 250 | _a1st pbk. ed. | ||
| 260 |
_aSomerville, Mass. : _bCandlewick Press, _c2009,c2008. |
||
| 300 |
_a561 p. : _bmaps ; _c21 cm. |
||
| 490 | 1 |
_aThe astonishing life of Octavian Nothing, traitor to the nation ; _vv. 2. |
|
| 500 | _aOriginally published: 2008. | ||
| 520 | _aWhen he and his tutor escape to British-occupied Boston, Octavian learns of Lord Dunmore's proclamation offering freedom to slaves who join the counterrevolutionary Royal Ethiopian Regiment. | ||
| 650 | 0 |
_aAfrican Americans _vJuvenile fiction. |
|
| 651 | 0 |
_aUnited States _xHistory _yRevolution, 1775-1783 _xNaval operations, British _vJuvenile fiction. |
|
| 830 | 0 |
_aThe astonishing life of Octavian Nothing, traitor to the nation ; _vv. 2. |
|
| 942 |
_2ddc _cFIC |
||